Statistics for Google AutoComplete by Starting Letter: Where in the World is... ?

Click here to take the quiz!

General Stats

  • This quiz has been taken 31 times
  • The average score is 5 of 26

Answer Stats

LETTERANSWER% Correct
Qqatar
62%
Yyemen
62%
Ccarmen sandiego
50%
Aaustralia
42%
Iit 5pm
27%
Jjapan
27%
Tthe philippines
27%
Vvietnam
27%
Nnepal
19%
Ddubai
15%
Eegypt
15%
Mmatt
15%
Uuranium found
15%
Kkathmandu
12%
Ssolar energy used
12%
Wwind energy used
12%
Xxenon found
12%
Zzeo ranger 5
12%
Bbarnaby bear
8%
Ffrank sparrow
8%
Ggay marriage legal
8%
Hhooper
8%
Llimestone found
8%
Oosama bin laden
8%
Pprostitution legal
8%
Rrabies most common
8%

Score Distribution

Percentile by Number Answered

Percent of People with Each Score

Your Score History

You have not taken this quiz